| 000 | 00360nam a2200133Ia 4500 | ||
|---|---|---|---|
| 008 | 220216s9999 xx 000 0 und d | ||
| 100 | _aSekhar B C | ||
| 245 | 0 | _aPlans and strategies for the development of smallholdings | |
| 260 |
_bRubber Board Bulletin _c1977 |
||
| 300 | _a14-18 | ||
| 650 | _aDevelopment schemes | ||
| 650 | _aSmall holders | ||
| 942 | _cJS | ||
| 999 |
_c65076 _d65076 |
||